[Event "Poikovsky Tournament 2019"]
[Site "Poikovsky RUS"]
[Date "2019.06.11"]
[Round "6"]
[White "Kovalev, Vl"]
[Black "Esipenko, Andrey"]
[Result "0-1"]
[WhiteElo "2661"]
[BlackElo "2611"]
[PlyCount "118"]
[EventDate "2019.06.06"]

1. e4 e5 2. Nf3 Nc6 3. Bb5 a6 4. Ba4 Nf6 5. O-O Be7 6. Re1 b5 7. Bb3 O-O 8. h3
Bb7 9. d3 d5 10. exd5 Nxd5 11. Nxe5 Nxe5 12. Rxe5 Qd6 13. Re1 Rae8 14. Nd2 c5
15. Ne4 Qc6 16. c4 Nb6 17. cxb5 axb5 18. Qf3 c4 19. Bc2 Qd7 20. Qg3 f5 21. Ng5
Nd5 22. dxc4 Bd6 23. f4 Rxe1+ 24. Qxe1 Re8 25. Qh4 Nf6 26. Qf2 Qc7 27. b4 Bxb4
28. Bb2 Bc5 29. Bd4 Bxd4 30. Qxd4 h6 31. Nf3 Bxf3 32. gxf3 bxc4 33. Rd1 Kh8 34.
Bxf5 Nh5 35. Qd6 Qa7+ 36. Qd4 Qa5 37. Be4 Nxf4 38. Qxc4 Qg5+ 39. Kf2 Nxh3+ 40.
Ke2 Nf4+ 41. Kf2 Nh3+ 42. Ke2 Qg2+ 43. Ke3 Qf2+ 44. Kd3 Nf4+ 45. Kc3 Ne2+ 46.
Kc2 Nd4+ 47. Kc1 Nxf3 48. Bc2 Ng1 49. Kb1 Ne2 50. Qd3 Qb6+ 51. Bb3 Qf6 52. Qd7
Rf8 53. Kc2 Qc3+ 54. Kb1 Rc8 55. Qe7 Nd4 56. Qe5 Rd8 57. Qe7 Rb8 58. Rc1 Qd3+
59. Kb2 Qd2+ 0-1

[Event "Poikovsky Tournament 2019"]
[Site "Poikovsky RUS"]
[Date "2019.06.11"]
[Round "6"]
[White "Mamedov, Rau"]
[Black "Korobov, A."]
[Result "1/2-1/2"]
[WhiteElo "2650"]
[BlackElo "2687"]
[PlyCount "45"]
[EventDate "2019.06.06"]

1. e4 c5 2. Nf3 d6 3. d4 cxd4 4. Nxd4 Nf6 5. Nc3 a6 6. Bg5 e6 7. f4 Qb6 8. Qd2
Qxb2 9. Rb1 Qa3 10. f5 e5 11. Bxf6 gxf6 12. Nb3 Nd7 13. Nd5 Rb8 14. Nc7+ Kd8
15. Nd5 b6 16. Be2 h5 17. Qc3 Ke8 18. Qc6 Bb7 19. Nxf6+ Ke7 20. Nd5+ Ke8 21.
Nf6+ Ke7 22. Nd5+ Ke8 23. Nf6+ 1/2-1/2

[Event "Poikovsky Tournament 2019"]
[Site "Poikovsky RUS"]
[Date "2019.06.13"]
[Round "7"]
[White "Korobov, A."]
[Black "Jakovenko, D."]
[Result "1/2-1/2"]
[WhiteElo "2687"]
[BlackElo "2704"]
[PlyCount "64"]
[EventDate "2019.06.06"]

1. d4 Nf6 2. Nf3 d5 3. e3 e6 4. Bd3 c5 5. b3 Bd6 6. O-O O-O 7. Bb2 b6 8. Nbd2
Ba6 9. c4 Nc6 10. Qe2 cxd4 11. exd4 Bf4 12. g3 Bh6 13. Rad1 Rc8 14. Bc3 Qe7 15.
Ne5 Bxd2 16. Rxd2 Rfd8 17. Re1 Bb7 18. Ng4 a5 19. Ne3 Nb4 20. Bb1 dxc4 21. bxc4
Ne4 22. Bxe4 Bxe4 23. d5 Nxd5 24. Nxd5 exd5 25. cxd5 Rxc3 26. Qxe4 Qxe4 27.
Rxe4 Kf8 28. d6 Rc6 29. d7 Rc7 30. Red4 Ke7 31. Re2+ Kf8 32. Red2 Ke7 1/2-1/2

[Event "Poikovsky Tournament 2019"]
[Site "Poikovsky RUS"]
[Date "2019.06.13"]
[Round "7"]
[White "Wang Hao"]
[Black "Fedoseev, Vl3"]
[Result "1/2-1/2"]
[WhiteElo "2737"]
[BlackElo "2680"]
[PlyCount "41"]
[EventDate "2019.06.06"]

1. d4 Nf6 2. c4 e6 3. g3 d5 4. Bg2 Bb4+ 5. Bd2 Be7 6. Nf3 O-O 7. O-O c6 8. Qc2
Nbd7 9. Bf4 Nh5 10. Bc1 Nhf6 11. Nbd2 b6 12. e4 dxc4 13. Nxc4 Bb7 14. e5 Nd5
15. Bd2 Rc8 16. Qe4 b5 17. Na5 Ba8 18. Qg4 g6 19. Nb3 h5 20. Qe4 c5 21. dxc5
1/2-1/2

[Event "Poikovsky Tournament 2019"]
[Site "Poikovsky RUS"]
[Date "2019.06.13"]
[Round "7"]
[White "Esipenko, Andrey"]
[Black "Artemiev, V."]
[Result "1/2-1/2"]
[WhiteElo "2611"]
[BlackElo "2761"]
[PlyCount "110"]
[EventDate "2019.06.06"]

1. d4 d5 2. c4 c6 3. Nf3 Nf6 4. Nc3 e6 5. Bg5 Nbd7 6. e3 h6 7. Bh4 g5 8. Bg3
Nh5 9. Qc2 Nxg3 10. hxg3 Bg7 11. O-O-O Qe7 12. Kb1 O-O 13. cxd5 cxd5 14. g4 Rd8
15. Bd3 a6 16. Ne2 b5 17. Qc7 Re8 18. Rc1 Nf6 19. Ne5 Bd7 20. Qa5 Qd8 21. Qd2
Rc8 22. Ng3 Rxc1+ 23. Rxc1 Re7 24. f4 Be8 25. Qc2 Qa5 26. fxg5 hxg5 27. Nh5
Nxh5 28. gxh5 Qb6 29. Qf2 f5 30. Rc8 Bxe5 31. dxe5 Qb7 32. Qc2 d4 33. exd4 Kg7
34. Rd8 Bxh5 35. d5 Qb6 36. Rd6 Qg1+ 37. Qc1 Qxc1+ 38. Kxc1 exd5 39. Bxf5 Rxe5
40. g4 a5 41. Kd2 Bf7 42. b3 a4 43. Ra6 Be8 44. Bc2 axb3 45. axb3 Kf8 46. Kc3
Re3+ 47. Kd4 Rg3 48. Bf5 Rxb3 49. Kxd5 Re3 50. Rb6 Re1 51. Rb8 Ke7 52. Rb7+ Kd8
53. Kd6 Rd1+ 54. Kc5 Rc1+ 55. Kd6 Rd1+ 1/2-1/2

[Event "Poikovsky Tournament 2019"]
[Site "Poikovsky RUS"]
[Date "2019.06.13"]
[Round "7"]
[White "Saric, Iv"]
[Black "Mamedov, Rau"]
[Result "1/2-1/2"]
[WhiteElo "2680"]
[BlackElo "2650"]
[PlyCount "36"]
[EventDate "2019.06.06"]

1. e4 c5 2. Nf3 Nc6 3. Bb5 Nf6 4. Nc3 Qc7 5. O-O Nd4 6. Re1 e5 7. d3 Be7 8. Bg5
O-O 9. Bc4 d6 10. Bxf6 Bxf6 11. Nd5 Qd8 12. c3 Nxf3+ 13. Qxf3 Bg5 14. Ne3 Be6
15. Rad1 Qd7 16. Nf5 g6 17. Qg4 Bxf5 18. Qxg5 Be6 1/2-1/2

[Event "Poikovsky Tournament 2019"]
[Site "Poikovsky RUS"]
[Date "2019.06.13"]
[Round "7"]
[White "Sasikiran, K."]
[Black "Kovalev, Vl"]
[Result "1/2-1/2"]
[WhiteElo "2673"]
[BlackElo "2661"]
[PlyCount "215"]
[EventDate "2019.06.06"]

1. e4 e5 2. Nf3 Nc6 3. Bb5 a6 4. Ba4 Nf6 5. O-O Be7 6. Re1 b5 7. Bb3 d6 8. c3
O-O 9. h3 Nb8 10. d4 Nbd7 11. Nbd2 c5 12. Nf1 Re8 13. Ng3 Bf8 14. a4 Rb8 15.
Bc2 g6 16. Bg5 h6 17. Be3 Bg7 18. Qc1 Kh7 19. Rd1 Qc7 20. axb5 axb5 21. b4 cxd4
22. cxd4 Nb6 23. dxe5 dxe5 24. Bc5 Bf8 25. Bb3 Bxc5 26. bxc5 Na4 27. Bxa4 bxa4
28. Rxa4 Be6 29. Ra3 Rec8 30. Rc3 Rb5 31. c6 Rb6 32. Qa1 Ng8 33. Ra3 Rxc6 34.
Nxe5 Rc1 35. Rxc1 Qxc1+ 36. Qxc1 Rxc1+ 37. Kh2 Rc2 38. f3 Kg7 39. Nd3 Bc4 40.
Nb4 Rb2 41. Nc6 Rc2 42. Ne5 Be6 43. Ra7 Nf6 44. h4 Rd2 45. Kg1 Nd7 46. Nf1 Rd1
47. Nxd7 Bxd7 48. Kf2 Be6 49. Ra5 h5 50. Ne3 Rd2+ 51. Kg3 Kf6 52. Rc5 Re2 53.
Kf4 Rd2 54. Rc2 Rd3 55. Rc6 Kg7 56. Rb6 Rd2 57. Rb1 Re2 58. Rc1 Rd2 59. Rc3 Kf6
60. Rc2 Rd3 61. Nf1 Rd1 62. Ng3 Bb3 63. Rc6+ Kg7 64. Ne2 Be6 65. Ke3 Ra1 66.
Nd4 Ra3+ 67. Kf4 Ba2 68. Rc7 Ra4 69. Nb5 Be6 70. Nd6 Ra2 71. g3 Ra3 72. Rb7 Ra8
73. Nb5 Bc4 74. Nd4 Ra4 75. Rc7 Ba2 76. Nb5 Be6 77. Ra7 Rc4 78. Nd6 Rc6 79. e5
Rc3 80. Ne8+ Kh6 81. Nf6 Rc4+ 82. Ke3 Rc3+ 83. Ke2 Rc2+ 84. Kd3 Rc5 85. g4 hxg4
86. fxg4 Rc8 87. g5+ Kg7 88. Kd2 Rd8+ 89. Ke3 Rh8 90. Ra4 Rb8 91. Kf4 Rh8 92.
Kg3 Rb8 93. Rd4 Kf8 94. Ne4 Rb3+ 95. Kf2 Ke7 96. Ra4 Rb7 97. Nd6 Rb3 98. Ra7+
Kf8 99. Ra8+ Ke7 100. Ra7+ Kf8 101. Ne4 Rb2+ 102. Ke3 Rb3+ 103. Kd2 Rb2+ 104.
Kc3 Rb3+ 105. Kc2 Re3 106. Ra8+ Ke7 107. Ra7+ Kf8 108. Ra8+ 1/2-1/2

[Event "Poikovsky Tournament 2019"]
[Site "Poikovsky RUS"]
[Date "2019.06.14"]
[Round "8"]
[White "Jakovenko, D."]
[Black "Saric, Iv"]
[Result "1/2-1/2"]
[WhiteElo "2704"]
[BlackElo "2680"]
[PlyCount "51"]
[EventDate "2019.06.06"]

1. e4 c5 2. Nf3 d6 3. d4 cxd4 4. Nxd4 Nf6 5. Nc3 a6 6. Be2 e5 7. Nf3 Be7 8. Bg5
Be6 9. Bxf6 Bxf6 10. O-O O-O 11. Nd5 Nd7 12. Bc4 Rc8 13. Bb3 Nc5 14. Nxf6+ Qxf6
15. Qxd6 Bxb3 16. Qxf6 gxf6 17. axb3 Nxe4 18. Rfe1 Ng5 19. Nxg5 fxg5 20. Rxe5
Rxc2 21. Rxg5+ Kh8 22. Rf5 Rxb2 23. Rf3 Kg7 24. g4 Rd8 25. Ra5 h6 26. g5
1/2-1/2

[Event "Poikovsky Tournament 2019"]
[Site "Poikovsky RUS"]
[Date "2019.06.14"]
[Round "8"]
[White "Sasikiran, K."]
[Black "Korobov, A."]
[Result "1/2-1/2"]
[WhiteElo "2673"]
[BlackElo "2687"]
[PlyCount "86"]
[EventDate "2019.06.06"]

1. e4 c5 2. Nf3 d6 3. d4 cxd4 4. Nxd4 Nf6 5. Nc3 a6 6. Bd3 e6 7. f4 Nc6 8. Nxc6
bxc6 9. b3 e5 10. O-O Be7 11. h3 exf4 12. Bxf4 O-O 13. Kh1 Nd7 14. Qe1 Bh4 15.
Qd2 Ne5 16. Rad1 Be6 17. Be2 Be7 18. Na4 Qc7 19. Qc3 a5 20. Bg3 Rad8 21. Nc5
Bf6 22. Rxf6 gxf6 23. Nd3 Bc8 24. Bh4 Ng6 25. Bxf6 Rde8 26. Bg7 d5 27. Bh6 f5
28. Bxf8 Nxf8 29. e5 Ne6 30. Rf1 Ng5 31. Bf3 Ne4 32. Qe1 Qg7 33. Bxe4 fxe4 34.
Nf4 Qxe5 35. Qxa5 e3 36. Qe1 Ba6 37. Qg3+ Kh8 38. Qh4 Rg8 39. c4 dxc4 40. bxc4
Bxc4 41. Ng6+ Rxg6 42. Qxc4 Qd5 43. Qc3+ Kg8 1/2-1/2

[Event "Poikovsky Tournament 2019"]
[Site "Poikovsky RUS"]
[Date "2019.06.14"]
[Round "8"]
[White "Mamedov, Rau"]
[Black "Wang Hao"]
[Result "1/2-1/2"]
[WhiteElo "2650"]
[BlackElo "2737"]
[PlyCount "38"]
[EventDate "2019.06.06"]

1. e4 e5 2. Nf3 Nc6 3. Nc3 Nf6 4. Bb5 Nd4 5. Bc4 Bc5 6. Nxe5 Qe7 7. Nf3 d5 8.
Bxd5 Bg4 9. d3 O-O-O 10. Be3 Nxd5 11. Nxd5 Rxd5 12. exd5 Re8 13. O-O Bxf3 14.
gxf3 Qh4 15. f4 Bd6 16. Kg2 Nxc2 17. Qxc2 Qg4+ 18. Kh1 Qf3+ 19. Kg1 Qg4+
1/2-1/2

[Event "Poikovsky Tournament 2019"]
[Site "Poikovsky RUS"]
[Date "2019.06.14"]
[Round "8"]
[White "Fedoseev, Vl3"]
[Black "Esipenko, Andrey"]
[Result "1-0"]
[WhiteElo "2680"]
[BlackElo "2611"]
[PlyCount "157"]
[EventDate "2019.06.06"]

1. e4 e5 2. Nf3 Nc6 3. Bb5 a6 4. Ba4 Nf6 5. O-O Be7 6. d3 b5 7. Bb3 d6 8. Bd2
O-O 9. h3 Rb8 10. c3 Na5 11. Bc2 c5 12. d4 Nd7 13. b3 exd4 14. cxd4 Nc6 15. Be3
Bf6 16. Nc3 cxd4 17. Nxd4 Nxd4 18. Bxd4 Bb7 19. Rc1 Rc8 20. Ne2 Re8 21. Ng3 g6
22. Bxf6 Qxf6 23. Bb1 Qe5 24. Qd2 Nf6 25. f4 Qe7 26. Rce1 Nd7 27. Nh1 d5 28. e5
f5 29. exf6 Qc5+ 30. Nf2 Nxf6 31. b4 Qb6 32. Rxe8+ Rxe8 33. Rc1 d4 34. f5 Re3
35. fxg6 Qd6 36. gxh7+ Kh8 37. Ng4 Nxg4 38. hxg4 Rh3 39. Qf2 Rh1+ 40. Kxh1 Qh6+
41. Kg1 Qxc1+ 42. Kh2 Qxb1 43. Qxd4+ Kxh7 44. Qd7+ Kg8 45. Qd8+ Kf7 46. Qc7+
Kg6 47. Qxb7 Qxa2 48. Qe4+ Kg7 49. Qe5+ Kg6 50. Qe4+ Kg7 51. Kg3 Qb2 52. Qb7+
Kg8 53. Qe7 Qd2 54. g5 Qc3+ 55. Kh2 Qh8+ 56. Kg3 Qc3+ 57. Kf4 Qc1+ 58. Qe3 Qc7+
59. Kg4 Qd7+ 60. Kh4 Qh7+ 61. Kg3 Qc7+ 62. Qf4 Qc3+ 63. Kg4 Qc2 64. Qb8+ Kf7
65. Qb7+ Kg8 66. Kh5 Qd1+ 67. g4 Qd6 68. Qc8+ Kg7 69. Qc3+ Kh7 70. Qc2+ Kg7 71.
Qb2+ Kh7 72. Qf2 Kg8 73. g6 Qe5+ 74. g5 Qh8+ 75. Kg4 Qg7 76. Qf7+ Qxf7 77.
gxf7+ Kxf7 78. Kf5 Kg7 79. g6 1-0

[Event "Poikovsky Tournament 2019"]
[Site "Poikovsky RUS"]
[Date "2019.06.15"]
[Round "9"]
[White "Wang, Hao"]
[Black "Jakovenko, Dmitry"]
[Result "1/2-1/2"]
[WhiteElo "2737"]
[BlackElo "2704"]
[PlyCount "81"]
[EventDate "2019.06.06"]

1. e4 e5 2. Nf3 Nc6 3. Bb5 Nf6 4. d3 Bc5 5. c3 d5 6. exd5 Qxd5 7. Bc4 Qd8 8.
O-O O-O 9. Nbd2 a5 10. Qe2 Bd6 11. a4 h6 12. Re1 Re8 13. Bb5 Bg4 14. h3 Bh5 15.
Ne4 Nxe4 16. dxe4 Rf8 17. Bc4 Qe7 18. g4 Bg6 19. h4 Nd8 20. h5 Bh7 21. Nh2 Ne6
22. Nf1 Qf6 23. Ng3 Nf4 24. Bxf4 Qxf4 25. Rad1 Bc5 26. Rd3 Rad8 27. Red1 Rd6
28. Kg2 Rfd8 29. Rxd6 Rxd6 30. Rxd6 Bxd6 31. Bb3 Kh8 32. Qb5 b6 33. Bd5 Bc5 34.
Qe2 g6 35. Qf3 Qxf3+ 36. Kxf3 Kg7 37. Ke2 Kf6 38. f3 Ke7 39. Bc4 Bg1 40. Nf1
gxh5 41. gxh5 1/2-1/2

[Event "Poikovsky Tournament 2019"]
[Site "Poikovsky RUS"]
[Date "2019.06.15"]
[Round "9"]
[White "Artemiev, Vladislav"]
[Black "Fedoseev, Vladimir3"]
[Result "1-0"]
[WhiteElo "2761"]
[BlackElo "2680"]
[PlyCount "111"]
[EventDate "2019.06.06"]

1. Nf3 d5 2. g3 c6 3. Bg2 Bf5 4. O-O e6 5. d3 Nf6 6. b3 h6 7. Bb2 Nbd7 8. Nbd2
Bh7 9. e4 Bb4 10. a3 Ba5 11. Qe2 O-O 12. b4 Bc7 13. e5 Ne8 14. c4 g5 15. Nb3
Ng7 16. h3 Qe7 17. Bc3 Rae8 18. Rfe1 Bg6 19. Rad1 Bh5 20. g4 Bg6 21. Bd4 Bb6
22. Bc3 Rc8 23. Qb2 Rfd8 24. a4 c5 25. cxd5 exd5 26. bxc5 Bxc5 27. Nxc5 Nxc5
28. e6 Nxa4 29. Qb4 Qxb4 30. exf7+ Bxf7 31. Bxb4 Ne6 32. h4 Nf4 33. Bf1 Be6 34.
Ra1 b5 35. hxg5 Bxg4 36. Ne5 Bf5 37. gxh6 Kh7 38. Bd2 Rg8+ 39. Kh1 Ne6 40. Nd7
Rgd8 41. Re5 Rc2 42. Ba5 Rxd7 43. Rxf5 Nd4 44. Bh3 Kxh6 45. Rf4 Ne2 46. Rfxa4
bxa4 47. Bxd7 Nf4 48. Kg1 Kg6 49. Bxa4 Rb2 50. Ra3 Kh5 51. Be8+ Kh6 52. Bd7 Rc2
53. Kh2 Rxf2+ 54. Kg3 Rf1 55. Bd2 Kg5 56. Be3 1-0

[Event "Poikovsky Tournament 2019"]
[Site "Poikovsky RUS"]
[Date "2019.06.15"]
[Round "9"]
[White "Saric, Ivan"]
[Black "Sasikiran, Krishnan"]
[Result "1/2-1/2"]
[WhiteElo "2680"]
[BlackElo "2673"]
[PlyCount "68"]
[EventDate "2019.06.06"]

1. e4 c5 2. Nc3 d6 3. Nge2 e5 4. Ng3 Be6 5. Bb5+ Nd7 6. d3 a6 7. Bc4 Ngf6 8. a4
g6 9. f4 exf4 10. Bxf4 Ne5 11. Bxe6 fxe6 12. d4 cxd4 13. Qxd4 Qc7 14. a5 Nfd7
15. Bxe5 Nxe5 16. Qa4+ Ke7 17. Nge2 Bh6 18. O-O Raf8 19. Kh1 Qc4 20. Qa3 Rxf1+
21. Rxf1 Rd8 22. h3 Bg7 23. Rd1 Nc6 24. Nf4 Bxc3 25. bxc3 Qxe4 26. Nd3 Qf5 27.
c4 Rd7 28. Qa1 e5 29. c5 d5 30. Rf1 Qg5 31. Qe1 Kd8 32. Rf8+ Ke7 33. h4 Qh6 34.
Rc8 e4 1/2-1/2

[Event "Poikovsky Tournament 2019"]
[Site "Poikovsky RUS"]
[Date "2019.06.15"]
[Round "9"]
[White "Korobov, Anton"]
[Black "Kovalev, Vladislav"]
[Result "1/2-1/2"]
[WhiteElo "2687"]
[BlackElo "2661"]
[PlyCount "54"]
[EventDate "2019.06.06"]

1. d4 Nf6 2. c4 e6 3. Nf3 d5 4. Nc3 c5 5. cxd5 cxd4 6. Qxd4 exd5 7. e4 Nc6 8.
Bb5 dxe4 9. Qxd8+ Kxd8 10. Ng5 Be6 11. O-O Bb4 12. Ncxe4 Nxe4 13. Nxe4 Ke7 14.
Be3 Rhd8 15. Bxc6 bxc6 16. a3 Ba5 17. Rac1 Bd5 18. Nc3 Bxc3 19. Bc5+ Ke6 20.
Rxc3 Kd7 21. Re1 Re8 22. Rce3 Rxe3 23. Rxe3 a5 24. Re7+ Kd8 25. Rb7 Kc8 26. Re7
Kd8 27. Rb7 Kc8 1/2-1/2

[Event "Poikovsky Tournament 2019"]
[Site "Poikovsky RUS"]
[Date "2019.06.15"]
[Round "9"]
[White "Esipenko, Andrey"]
[Black "Mamedov, Rauf"]
[Result "1-0"]
[WhiteElo "2611"]
[BlackElo "2650"]
[PlyCount "74"]
[EventDate "2019.06.06"]

1. d4 Nf6 2. Nf3 g6 3. g3 Bg7 4. Bg2 d5 5. O-O O-O 6. c4 c6 7. Nbd2 Bf5 8. b3
a5 9. Bb2 a4 10. Nh4 Bg4 11. h3 Bc8 12. e3 b5 13. Ba3 Re8 14. Nhf3 Nbd7 15.
cxb5 cxb5 16. Bb4 Bb7 17. Qe2 Qb6 18. Rfc1 axb3 19. axb3 e6 20. Bf1 Bc6 21. Qd1
Bf8 22. Bxf8 Rxf8 23. b4 Rxa1 24. Rxa1 Ne8 25. Nb3 Nd6 26. Nc5 Nc4 27. Ra6 Qc7
28. Qa1 Ndb6 29. h4 Na4 30. h5 gxh5 31. Bd3 h4 32. Nxh4 Nxc5 33. dxc5 d4 34.
Qxd4 Rd8 35. Rxc6 Rxd4 36. Rxc7 Rxd3 37. Nf3 Kf8 1-0

[Event "Asian Continental Open 2019"]
[Site "http://www.chessbomb.com"]
[Date "2019.06.15"]
[Round "9"]
[White "Vidit, Santosh Gujrathi"]
[Black "Idani, Pouya"]
[Result "1-0"]
[WhiteElo "2707"]
[BlackElo "2597"]
[PlyCount "114"]
[EventDate "2019.??.??"]

1. d4 d5 2. c4 dxc4 3. Nf3 Nf6 4. e3 a6 5. Bxc4 b5 6. Be2 Bb7 7. a4 b4 8. O-O
e6 9. b3 Nbd7 10. Bb2 c5 11. Nbd2 Be7 12. Nc4 O-O 13. Rc1 Rc8 14. Qc2 Be4 15.
Bd3 Bxd3 16. Qxd3 cxd4 17. Bxd4 Qc7 18. Rfd1 Qb7 19. Na5 Qa8 20. h3 Rxc1 21.
Rxc1 Rc8 22. Rc4 h6 23. Qc2 Rxc4 24. Qxc4 Bd6 25. Nc6 Qb7 26. Nfe5 Nxe5 27.
Bxe5 Bxe5 28. Nxe5 Ne4 29. Qd4 Nc3 30. Qd8+ Kh7 31. Nd7 Qd5 32. Nf8+ Kg8 33.
Nd7+ Kh7 34. Nf8+ Kg8 35. Nxe6+ Qxd8 36. Nxd8 Nxa4 37. Nb7 Kf8 38. Kf1 Nc3 39.
Ke1 Ke7 40. Nc5 a5 41. Kd2 f5 42. Kd3 Kf6 43. Kd4 g5 44. Nd3 h5 45. Kc5 h4 46.
Kb6 a4 47. bxa4 Nxa4+ 48. Kb5 Nc3+ 49. Kxb4 Ne4 50. f3 Ng3 51. Kc4 Ke6 52. f4
g4 53. Ne5 gxh3 54. gxh3 Ne4 55. Kd3 Nf2+ 56. Ke2 Nxh3 57. Ng6 Kd5 1-0

[Event "Ding Liren - Navara (match) 2019"]
[Site "Prague CZE"]
[Date "2019.06.17"]
[Round "1"]
[White "Navara, David"]
[Black "Ding, Liren"]
[Result "1/2-1/2"]
[WhiteElo "2734"]
[BlackElo "2805"]
[PlyCount "75"]
[EventDate "2019.06.17"]

1. d4 Nf6 2. c4 g6 3. Nc3 d5 4. cxd5 Nxd5 5. e4 Nxc3 6. bxc3 Bg7 7. Bc4 c5 8.
Ne2 Nc6 9. Be3 O-O 10. O-O b6 11. Qd2 Bb7 12. Rad1 cxd4 13. cxd4 Rc8 14. Bh6
Na5 15. Bd3 Nc4 16. Bxc4 Rxc4 17. Bxg7 Kxg7 18. Ng3 e6 19. d5 exd5 20. exd5 Re8
21. Rfe1 Rxe1+ 22. Qxe1 Qd6 23. Qe2 Rc7 24. Qb2+ Qf6 25. Qa3 Rd7 26. Qxa7 Rxd5
27. Rb1 Qc6 28. f3 Qc2 29. Qxb6 Rd2 30. Ne2 Ba6 31. Nf4 Qxa2 32. Qb4 Qc2 33.
Ne6+ fxe6 34. Qe7+ Kh6 35. Qh4+ Kg7 36. Qe7+ Kh6 37. Qh4+ Kg7 38. Qe7+ 1/2-1/2

[Event "Ding Liren - Navara (match) 2019"]
[Site "Prague CZE"]
[Date "2019.06.17"]
[Round "2"]
[White "Ding, Liren"]
[Black "Navara, David"]
[Result "1-0"]
[WhiteElo "2805"]
[BlackElo "2734"]
[PlyCount "95"]
[EventDate "2019.06.17"]

1. d4 Nf6 2. c4 e6 3. g3 c5 4. d5 exd5 5. cxd5 d6 6. Nc3 g6 7. Bg2 Bg7 8. Nf3
O-O 9. O-O Re8 10. Re1 a6 11. a4 Nbd7 12. e4 Ng4 13. Nd2 Nge5 14. Bf1 g5 15. f4
Ng6 16. Nf3 g4 17. Nd2 Bd4+ 18. Kg2 Nf6 19. Ne2 Nxe4 20. Nxd4 Nxd2 21. Rxe8+
Qxe8 22. Qxd2 Qe4+ 23. Kf2 Qxd4+ 24. Qxd4 cxd4 25. Bd2 Bd7 26. Rc1 Bxa4 27. Rc7
Bb3 28. Rxb7 Bxd5 29. Rb6 a5 30. Rxd6 Be6 31. Rxd4 Ne7 32. Ra4 Rb8 33. Bc3 Nd5
34. Rxa5 Nxc3 35. bxc3 Rb2+ 36. Ke3 Rxh2 37. f5 Ra2 38. Rxa2 Bxa2 39. f6 h5 40.
Kf4 h4 41. gxh4 Kh7 42. Bd3+ Kh6 43. Kxg4 Bb1 44. Bf5 Ba2 45. Be4 Be6+ 46. Kf4
Kh5 47. Ke5 Kxh4 48. Bd5 1-0

[Event "Ding Liren - Navara (match) 2019"]
[Site "Prague CZE"]
[Date "2019.06.17"]
[Round "3"]
[White "Navara, David"]
[Black "Ding, Liren"]
[Result "1/2-1/2"]
[WhiteElo "2734"]
[BlackElo "2805"]
[PlyCount "121"]
[EventDate "2019.06.17"]

1. e4 e5 2. Nf3 Nc6 3. Bb5 Nf6 4. O-O Nxe4 5. Re1 Nd6 6. Nxe5 Be7 7. Bf1 Nxe5
8. Rxe5 O-O 9. d4 Bf6 10. Re1 Re8 11. Rxe8+ Nxe8 12. d5 c6 13. Nc3 d6 14. Ne4
Be7 15. c4 cxd5 16. cxd5 Bf5 17. Ng3 Bg6 18. Be3 Nf6 19. Qb3 Ng4 20. Bd2 Qb6
21. Qxb6 axb6 22. h3 Nf6 23. Bc4 b5 24. Bxb5 Nxd5 25. Bc4 Nb6 26. Bb3 Bf6 27.
Bc3 Bxc3 28. bxc3 Na4 29. Rd1 Nxc3 30. Rxd6 Kf8 31. f4 f6 32. Rd7 Nxa2 33. Ne2
Ra3 34. Rxb7 Be4 35. Rb6 f5 36. g4 fxg4 37. hxg4 Bf3 38. Nd4 Bxg4 39. Rb8+ Ke7
40. Rb7+ Kf6 41. Rb6+ Ke7 42. Nc6+ Kd6 43. Ne5+ Kc7 44. Rc6+ Kb7 45. Bd5 Nb4
46. Rc3+ Nxd5 47. Rxa3 Bf5 48. Nf7 Kc6 49. Kh2 g6 50. Kg3 h5 51. Ne5+ Kb5 52.
Nf3 Be4 53. Nh4 Ne7 54. Kf2 Nd5 55. Rg3 Kc4 56. Rg5 Nxf4 57. Ke3 Ne6 58. Re5
Nc5 59. Rxe4+ Nxe4 60. Kxe4 g5 61. Nf5 1/2-1/2

[Event "Ding Liren - Navara (match) 2019"]
[Site "Prague CZE"]
[Date "2019.06.18"]
[Round "4"]
[White "Ding, Liren"]
[Black "Navara, David"]
[Result "1/2-1/2"]
[WhiteElo "2805"]
[BlackElo "2734"]
[PlyCount "94"]
[EventDate "2019.06.17"]

1. d4 Nf6 2. c4 e6 3. g3 c5 4. d5 exd5 5. cxd5 d6 6. Nc3 g6 7. Bg2 Bg7 8. Nf3
O-O 9. O-O Re8 10. Re1 a6 11. a4 Nbd7 12. e4 Ng4 13. Nd2 Nge5 14. Re3 Nb6 15.
Qf1 a5 16. h3 c4 17. Kh2 Bd7 18. f4 Nd3 19. Nxc4 Nxc1 20. Rxc1 Nxc4 21. Qxc4
Qb6 22. Qe2 Rac8 23. Ra1 Bd4 24. Rd3 Rc4 25. Rd2 Rxc3 26. bxc3 Bxc3 27. Raa2
Bxd2 28. Qxd2 Qb4 29. Qxb4 axb4 30. Rb2 Bxa4 31. Rxb4 b5 32. Bf1 Bc2 33. e5
dxe5 34. Bxb5 Rb8 35. d6 exf4 36. gxf4 Bd3 37. d7 Bxb5 38. Rxb5 Rd8 39. Rd5 Kf8
40. h4 Ke7 41. Re5+ Kxd7 42. h5 Re8 43. Ra5 Re3 44. hxg6 hxg6 45. f5 g5 46. f6
Ke6 47. Rxg5 Kxf6 1/2-1/2

[Event "Ding Liren - Navara (match) 2019"]
[Site "Prague CZE"]
[Date "2019.06.18"]
[Round "5"]
[White "Navara, David"]
[Black "Ding, Liren"]
[Result "1/2-1/2"]
[WhiteElo "2734"]
[BlackElo "2805"]
[PlyCount "79"]
[EventDate "2019.06.17"]

1. c4 e5 2. b3 Nc6 3. Bb2 Nf6 4. Nf3 e4 5. Nd4 Bc5 6. Nf5 O-O 7. e3 d5 8. cxd5
Bxf5 9. dxc6 bxc6 10. Na3 Nd5 11. Rc1 Be7 12. Nc4 Bf6 13. Ba3 Re8 14. Na5 Qd7
15. Nxc6 Nc3 16. Qc2 a5 17. Be7 Nxa2 18. Qxa2 Bxe7 19. Bb5 Qd6 20. Nd4 Bd7 21.
Qa4 Bxb5 22. Nxb5 Qe5 23. Rc4 Bb4 24. Nxc7 Bxd2+ 25. Kf1 Qh5 26. Qa1 Rad8 27.
Nxe8 Bc3 28. Qxc3 Rd1+ 29. Qe1 Qd5 30. Rc1 Qb5+ 31. Kg1 Rxe1+ 32. Rxe1 Qxe8 33.
g3 h5 34. h4 Qb5 35. Ra1 Qe2 36. Rh2 f6 37. Ra4 Qd1+ 38. Kg2 Qf3+ 39. Kg1 Qd1+
40. Kg2 1/2-1/2

[Event "Ding Liren - Navara (match) 2019"]
[Site "Prague CZE"]
[Date "2019.06.18"]
[Round "6"]
[White "Ding, Liren"]
[Black "Navara, David"]
[Result "1/2-1/2"]
[WhiteElo "2805"]
[BlackElo "2734"]
[PlyCount "92"]
[EventDate "2019.06.17"]

1. d4 Nf6 2. c4 e6 3. Nf3 b6 4. g3 Ba6 5. Nbd2 d5 6. cxd5 exd5 7. Bg2 Bd6 8.
O-O O-O 9. Nb1 Re8 10. Re1 Nbd7 11. Nc3 c6 12. Bg5 h6 13. Bxf6 Nxf6 14. e3 Bb7
15. Rc1 Rb8 16. Re2 Ne4 17. Rec2 Nxc3 18. Rxc3 c5 19. b3 Qf6 20. dxc5 bxc5 21.
Rd3 Red8 22. Rd2 Bf8 23. Ne1 d4 24. exd4 cxd4 25. Bxb7 Rxb7 26. Qf3 Bb4 27.
Qxf6 gxf6 28. Rd3 Bxe1 29. Rxe1 a5 30. Rc1 a4 31. bxa4 Rb4 32. Ra3 Ra8 33. a5
Rb5 34. a6 Rb6 35. a7 Rb7 36. Kf1 Rbxa7 37. Rxa7 Rxa7 38. Rc2 Kg7 39. Ke2 Ra3
40. Kd1 Kg6 41. Kc1 Kf5 42. Kb2 Ra8 43. f3 Rb8+ 44. Kc1 Ra8 45. Kb2 Rb8+ 46.
Kc1 Ra8 1/2-1/2

[Event "Ding Liren - Navara (match) 2019"]
[Site "Prague CZE"]
[Date "2019.06.18"]
[Round "7"]
[White "Navara, David"]
[Black "Ding, Liren"]
[Result "1/2-1/2"]
[WhiteElo "2734"]
[BlackElo "2805"]
[PlyCount "60"]
[EventDate "2019.06.17"]

1. c4 e5 2. b3 Nc6 3. Bb2 g6 4. g3 Bg7 5. Bg2 Nge7 6. Nc3 O-O 7. e3 d6 8. Nge2
Be6 9. O-O d5 10. cxd5 Nxd5 11. Na4 Qe7 12. d4 exd4 13. Nxd4 Nxd4 14. Bxd4 Rfd8
15. Bxg7 Kxg7 16. Qd4+ Kg8 17. Nc5 c6 18. Nxe6 Qxe6 19. Rfd1 Rd7 20. Qc5 b6 21.
Qa3 a5 22. Qb2 Rad8 23. Rd2 b5 24. a3 b4 25. axb4 axb4 26. Bxd5 Rxd5 27. Rxd5
Qxd5 28. Qf6 Qd6 29. Qxd6 Rxd6 30. Rc1 Rd3 1/2-1/2

[Event "Ding Liren - Navara (match) 2019"]
[Site "http://www.chessbomb.com"]
[Date "2019.06.19"]
[Round "8"]
[White "Ding, Liren"]
[Black "Navara, David"]
[Result "1-0"]
[WhiteElo "2779"]
[BlackElo "2684"]
[PlyCount "81"]
[EventDate "2019.??.??"]

1. d4 d5 2. c4 dxc4 3. e4 e5 4. Nf3 Bb4+ 5. Nc3 exd4 6. Qxd4 Qxd4 7. Nxd4 Nf6
8. f3 Bc5 9. Be3 Nc6 10. Nc2 Bxe3 11. Nxe3 Be6 12. Bxc4 Ke7 13. O-O-O Rhd8 14.
Bd5 Na5 15. b3 Rac8 16. g4 c5 17. h4 b6 18. Kb2 Nxd5 19. exd5 Bd7 20. h5 h6 21.
g5 hxg5 22. h6 Rh8 23. hxg7 Rxh1 24. Rxh1 Kf6 25. Rg1 Kg6 26. f4 f6 27. fxg5 f5
28. Ng2 Kxg7 29. Nf4 Nb7 30. Nh5+ Kg6 31. Nf6 Be8 32. Ne2 Bf7 33. Nf4+ Kg7 34.
Re1 Rh8 35. Re7 Rh2+ 36. Kc1 Nd6 37. Rd7 Rh1+ 38. Kd2 Nb5 39. N6h5+ Kg8 40. g6
Bxg6 41. Nf6+ 1-0